000 00709nam a22002537a 4500
001 BR9704142
003 BR-BrBNA
005 20230928095722.0
007 ta
008 230509b bl.||||| |||| 00| 0 por d
040 _aBR-BrBNA
_bpor
_cBiblioteca Nacional de Agricultura
041 _a(Por)
072 _aD50; P01
090 _ D50 BR9704142
110 1 _aEquipav S.A. Acucar e Alcool, Promissao, SP (Brasil)
_94279
245 1 _aManual de gerenciamento e protecao do meio ambiente
260 3 _aPromissao, SP (Brasil):
_c1997.
300 _a29 p.
650 _aLegislacao
650 _aPreservacao da Natureza
650 _aMeio Ambiente
909 _a202309
_bLucia
_c55
_dLucia Elande
942 _cBK
999 _c58259
_d58259